| 000 | 00000cam 2200000zi 4500 |
| 001 | 9.958010 |
| 003 | CaOODSP |
| 005 | 20260603150247 |
| 006 | m o d f |
| 007 | cr mn||||||||| |
| 008 | 251205t20252025onc ob f000 0 fre d |
| 020 | |a9780660975962 |
| 040 | |aCaOODSP|bfre|erda|cCaOODSP |
| 043 | |an-cn--- |
| 086 | 1 |aBT39-92/2025F-PDF |
| 245 | 00|aAvis de mise en œuvre de l’accès à l’information et de la protection des renseignements personnels 2025-01 : |bcommunication des renseignements personnels de personnes décédées pour des motifs de compassion. |
| 264 | 1|aOttawa, Ontario : |bSecrétariat du Conseil du trésor du Canada = Treasury Board of Canada Secretariat, |c2025. |
| 264 | 4|c©2025 |
| 300 | |a1 ressource en ligne (22 pages) |
| 336 | |atexte|btxt|2rdacontent/fre |
| 337 | |ainformatique|bc|2rdamedia/fre |
| 338 | |aressource en ligne|bcr|2rdacarrier/fre |
| 490 | 0 |aAvis de mise en œuvre de l'AIPRP ; |v2025-01 |
| 500 | |aTitre de la couverture. |
| 500 | |aPublié aussi en anglais sous le titre : Access to information and privacy implementation notice 2025-01 : disclosing personal information of deceased individuals on compassionate grounds. |
| 500 | |a« Publié : le 2025-11-10. » |
| 504 | |aComprend des références bibliographiques (pages 20-22). |
| 650 | 6|aDroit à la vie privée|xPolitique gouvernementale|zCanada. |
| 650 | 6|aProtection de l'information (Informatique)|xPolitique gouvernementale|zCanada. |
| 710 | 1 |aCanada. |bConseil du trésor, |eorganisme de publication. |
| 775 | 08|tAccess to information and privacy implementation notice 2025-01 : |w(CaOODSP)9.958008 |
| 856 | 40|qPDF|s915 Ko|uhttps://publications.gc.ca/collections/collection_2026/sct-tbs/BT39-92-2025-fra.pdf |
| 856 | 4 |qHTML|sS.O.|uhttps://www.canada.ca/fr/secretariat-conseil-tresor/services/acces-information-protection-renseignements-personnels/avis-mise-acces-information-protection-renseignements-personnels/2025-01-communication-renseignements-personnels-personnes-decedees-motifs-compassion.html |